00418nam a2200145Ia 4500003000400000005001700004008004100021020001800062040000900080082002100089100001900110245009000129260004400219300000900263OSt20200625110315.0190216s9999||||xx |||||||||||||| ||und|| a9780195639889 coclc a954.12035bSIN/C aSinger, Wendy  0aCreating Histories Oral Narratives And The Politics Of History Making /cWendy Singer bOxford University Press,c1997.aDelhi: a339p